| 000 | 01353cam a22003497a 4500 | ||
|---|---|---|---|
| 003 | CHAP | ||
| 005 | 20220329135936.0 | ||
| 008 | 971013s1975 r 00010 d | ||
| 010 | _a44459 | ||
| 011 | _a45431 | ||
| 035 | _a49570 | ||
| 040 | _cCHAP | ||
| 082 |
_a630.72 _bI56s 1974-75 |
||
| 110 |
_aINIA. México. Centro de Investigaciones Agrícolas de Tamaulipas _958547 |
||
| 245 | 0 |
_aProyecto de investigación agrícola _b: ciclo 74-75 |
|
| 260 |
_a(Cd. Río Bravo, Tamps.) : _bINIA. Centro de Investigaciones Agrícolas de Tamaulipas, _c(1975) |
||
| 300 | _a59 h. | ||
| 590 |
_aBATCH-UPD _b10 _c20130110 _lUCH01 _h0147 |
||
| 590 |
_aBATCH-UPD _b10 _c20130110 _lUCH01 _h2136 |
||
| 590 |
_aBATCH-UPD _b10 _c20130409 _lUCH01 _h2146 |
||
| 590 |
_aBATCH-UPD _b10 _c20130410 _lUCH01 _h1445 |
||
| 590 |
_aBATCH-UPD _b10 _c20130913 _lUCH01 _h2102 |
||
| 590 |
_aCONVERSION _b10 _c20130109 _lUCH01 _h1324 |
||
| 650 | 1 | 4 |
_aAgricultura _xInvestigación _xNuevo León. _91652 |
| 650 | 1 | 4 |
_aAgricultura _xInvestigacion _xSan Luis Potosi. _91671 |
| 650 | 1 | 4 |
_aAgricultura _xInvestigación _xTamaulipas. _91683 |
| 650 | 1 | 4 |
_aAgricultura _xTamaulipas. _91833 |
| 901 | _aBK | ||
| 942 | _cLIBRO | ||
| 949 |
_a630.72 I56s 1974-75 _bBC _cLIBRO _d33724000041760 _eLIBRO _fc.2 _h40900 _i49570 _mD _si |
||
| 949 |
_a630.72 I56s 1974-75 _bBC _cLIBRO _d33724000041844 _eLIBRO _h40899 _i49570 _mD _si |
||
| 999 |
_c44459 _d44459 |
||